KISS Songs - Sudden Death - Statistics

General Stats
  • This quiz has been taken 110 times
    108 since last reset
  • The average score is 3 of 10
Answers on the Grid
Answers color-coded by a green-red scale on the quiz's grid according to % correct below.
A World Without Heroes
Ace of Spades
Breaking the Law
Burn in Hell
Charisma
Cold Gin Nights
Crazy Nights
Dark Light
Detroit Rock City
Electric Eye
Girls, Girls, Girls
God of Thunderstorm
Rock Bottom
I Stole Your Heart
I Was Made for Lovin’ You
Lick It Up Again
Love Gun
Love Machine
Raining Blood
Rock and Roll All Nite
Rock Brigade
Run to the Hills
School’s Out
Shout at the Devil
Strange Ways
The Hellion
The Oath
Thunderstruck
Two Sides of the Coin
Youth Gone Wild
 
Answer Stats
Answer % Correct
Detroit Rock City
68%
A World Without Heroes
43%
Charisma
43%
I Was Made for Lovin’ You
42%
Love Gun
40%
Rock and Roll All Nite
38%
Dark Light
6%
Strange Ways
4%
Two Sides of the Coin
4%
The Oath
2%
No matching quizzes found
Score Distribution
Percent of People with Each Score
Percentile by Number Answered
Your Score History
You have not taken this quiz since the last reset